000 01093nam a22002537a 4500
005 20140903175012.0
008 131216s1986 sp fr 000 0dspa c
020 _a8434582465 (obra completa)
020 _a8434584115 (V.1)
020 _a8434584123 (V.2)
040 _aCO-BoUCM
_bspa
_cAngélica Rojas
_dDiana Londoño
041 0 0 _aspa
100 1 _aGardner, Martin
_d1914-2010
_953053
245 1 3 _aEl escarabajo sagrado y otros grandes ensayos sobre la ciencia
_cMartin Gardner ; traducción de Diorki
260 _aBarcelona (España)
_bSalvat
_c1986
300 _a2 volúmenes
490 0 _aBiblioteca Científica Salvat
_v41, 42
505 _gV.1
_tDesde La esfinge / Francis Bacon, hasta La física en el mundo contemporáneo / Robert Oppenheimer. --
_gV.2
_tDesde Religión y ciencia / Alfred North Whitehead, hasta Las siete maravillas / Lewis Thomas.
650 7 _aCiencia
_910767
650 7 _aDesarrollo científico y tecnológico
_912929
690 _942755
_aCiencias naturales
942 _a25
_cLIBRO
_e1
_mG226e
_2DEWEY
_h500
999 _c183683
_d183683